Statistics for U.S. Groups of Three Quiz

Click here to take the quiz!

General Stats

  • This quiz has been taken 13,762 times
  • The average score is 37 of 60

Answer Stats

Group Answer % Correct
Best-selling Burger ChainsMcDonald's
94%
Big 3 AutomakersFord
93%
Best-selling Burger ChainsBurger King
92%
BLT IngredientsTomato
89%
BLT IngredientsLettuce
89%
BLT IngredientsBacon
89%
States that Start with CCalifornia
86%
States that Start with CColorado
85%
Best-selling Light BeersBud Light
83%
States that Start with CConnecticut
83%
Main Native American Staple CropsMaize
80%
Shampoo InstructionsRinse
78%
S'mores IngredientsChocolate
78%
S'mores IngredientsMarshmallows
76%
Best-selling Burger ChainsWendy's
74%
S'mores IngredientsGraham Crackers
72%
Big 3 AutomakersGeneral Motors
72%
Most Valuable Silicon Valley CompaniesApple
70%
Federal Government BranchesJudicial
68%
Rice Krispies MascotsCrackle
67%
Major Cities in Ohio Starting with CCleveland
67%
Rice Krispies MascotsPop
67%
Best-selling Light BeersCoors Light
66%
Major Cities in Ohio Starting with CCincinnati
66%
Major Cities Founded by the FrenchNew Orleans
66%
Rice Krispies MascotsSnap
66%
Federal Government BranchesLegislative
66%
Children from "Family Guy"Stewie
64%
Federal Government BranchesExecutive
64%
Shampoo InstructionsRepeat
63%
George Bush's Axis of EvilIran
63%
Major Cities in Ohio Starting with CColumbus
62%
George Bush's Axis of EvilIraq
62%
Most Valuable Silicon Valley CompaniesGoogle
60%
Donald Duck's NephewsLouie
60%
Shampoo InstructionsLather
59%
Donald Duck's NephewsDewey
59%
Donald Duck's NephewsHuey
58%
Children from "Family Guy"Meg
57%
Three StoogesMoe
56%
Three StoogesCurly/Shemp
55%
Unalienable RightsLiberty
54%
Horse Racing Triple CrownKentucky Derby
54%
Big 3 AutomakersChrysler
53%
Unalienable RightsLife
53%
Unalienable RightsPursuit of Happiness
52%
Three StoogesLarry
51%
Best-selling Light BeersMiller Light
51%
Children from "Family Guy"Chris
46%
Most Valuable Silicon Valley CompaniesFacebook
43%
George Bush's Axis of EvilNorth Korea
42%
Baseball Triple Crown StatsHome Runs
42%
Baseball Triple Crown StatsRuns Batted In
40%
Horse Racing Triple CrownBelmont Stakes
33%
Horse Racing Triple CrownPreakness Stakes
33%
Baseball Triple Crown StatsBatting Average
29%
Major Cities Founded by the FrenchSaint Louis
25%
Main Native American Staple CropsBeans
25%
Major Cities Founded by the FrenchDetroit
19%
Main Native American Staple CropsSquash
15%

Score Distribution

Percentile by Number Answered

Percent of People with Each Score

Your Score History

You have not taken this quiz